Southville International School and Colleges
Your cart is empty.
  • Cart
  • Lists
    Public lists Eva Luna New books Lux_list list_1
    Your lists Log in to create your own lists
  • Log in to your account
  • Your cookies
  • Search history
Southville International School and Colleges
  • Advanced search
  • Recent comments
  • Most popular
  • Libraries

Log in to your account

Log in with GOOGLE


If you do not have an external account, but do have a local account, you can still log in:

  1. Home
  2. MARC view: 100 first-prize-make-it-yourself science fair projects /
Normal view MARC view ISBD view

100 first-prize-make-it-yourself science fair projects / (Record no. 288229)

[ view plain ]
MARC details
000 -LEADER
fixed length control field 00568nam a2200157Ia 4500
008 - FIXED-LENGTH DATA ELEMENTS--GENERAL INFORMATION
fixed length control field 150610s9999 xx 000 0 und d
020 ## - INTERNATIONAL STANDARD BOOK NUMBER
International Standard Book Number 9788172451974
050 ## - LIBRARY OF CONGRESS CALL NUMBER
Classification number Q182.3
Item number .V4 1998z   
100 ## - MAIN ENTRY--PERSONAL NAME
Personal name Vecchione, Glen.
245 ## - TITLE STATEMENT
Title 100 first-prize-make-it-yourself science fair projects /
Statement of responsibility, etc written & illustrated by Glen Vecchione.
260 ## - PUBLICATION, DISTRIBUTION, ETC. (IMPRINT)
Place of publication, distribution, etc New Delhi :
Name of publisher, distributor, etc Goodwill Publishing House, 
Date of publication, distribution, etc 1998.
300 ## - PHYSICAL DESCRIPTION
Extent 208pages :
Other physical details illustrations ;
Dimensions 25 cm.
504 ## - BIBLIOGRAPHY, ETC. NOTE
Bibliography, etc Includes index.
520 ## - SUMMARY, ETC.
Summary, etc Science projects.
650 ## - SUBJECT ADDED ENTRY--TOPICAL TERM
Topical term or geographic name as entry element Experiments -- Methodology
General subdivision Science.
Holdings
Withdrawn status Lost status Damaged status Home library Current library Shelving location Date acquired Total Checkouts Full call number Barcode Date last seen Price effective from Koha item type
      Stonyhurst Southville International School (Batangas) Stonyhurst Southville International School (Batangas) High School Section 06/10/2015   Q182.3 .V4 1998z    US-1910 06/10/2015 06/10/2015 Books

100 first-prize-make-it-yourself science fair projects /

APA

Vecchione G., . (1998). 100 first-prize-make-it-yourself science fair projects. New Delhi: Goodwill Publishing House.

Chicago

Vecchione Glen, . 1998. 100 first-prize-make-it-yourself science fair projects. New Delhi: Goodwill Publishing House.

Harvard

Vecchione G., . (1998). 100 first-prize-make-it-yourself science fair projects. New Delhi: Goodwill Publishing House.

MLA

Vecchione Glen, . 100 first-prize-make-it-yourself science fair projects. New Delhi: Goodwill Publishing House. 1998.

  • Place hold
  • Print
  • Cite
  • Add to your cart (remove)
  • Save record
    BIBTEX Dublin Core MARCXML MARC (non-Unicode/MARC-8) MARC (Unicode/UTF-8) MARC (Unicode/UTF-8, Standard) MODS (XML) RIS
  • More searches
    Search for this title in:
    Other Libraries (WorldCat) Other Databases (Google Scholar) Online Stores (Bookfinder.com) Open Library (openlibrary.org)

Exporting to Dublin Core...

SOUTHVILLE LIBRARY

Southville International School and Colleges Library

1281 Tropical Ave. Cor. Luxembourg St., BF Homes International, Las Pinas City

Tel. No. 8256374 / 252358 Loc. 117/146

Powered by Koha